000 00537nam a2200217Ia 4500
003 OSt
005 20220924143144.0
006 a|||||r|||| 00| 0
007 ta
008 220923b |||||||| |||| 00| 0 urd d
024 _a306978
037 _cTextual
040 _aARTS
_cARTS
_burd
041 _2urd
_aurd
082 _aO168,1x, E6
100 _aKuifi Saifi
_9214940
245 0 _aTegh Faqeer bargadan -e- sharad
260 _c1926
942 _hO168,1x, E6
_cTEXL
_2CC
999 _c453416
_d453416